| 000 | 00561nam a2200229Ia 4500 | ||
|---|---|---|---|
| 003 | OSt | ||
| 005 | 20221005121159.0 | ||
| 006 | a|||||r|||| 00| 0 | ||
| 007 | ta | ||
| 008 | 221004b |||||||| |||| 00| 0 kan d | ||
| 024 | _a60037 | ||
| 037 | _cTextual | ||
| 040 |
_aCRL _cCRL _bkan |
||
| 041 |
_2kan _akan |
||
| 082 | _aO33,1N36,2, K6 | ||
| 100 |
_aPai Govinda Au. _9627843 |
||
| 245 | 0 | _aGolgotha | |
| 260 | _c1966 | ||
| 650 | _aKANNAD POETRY | ||
| 942 |
_hO33,1N36,2, K6 _cTEXL _2cc |
||
| 999 |
_c1040382 _d1040382 |
||